000 00457nam a2200145Ia 4500
041 _aKurdish
082 _a955,54 cut-999 م
100 _a20260118u\\\\\\\\\\\y0engy0103\\\\ba
100 _aگۆتفرید یۆهانز میوولەر
245 0 _aلەڕۆژهەڵاتى گڕگرتوودا نێردەى بە مەترسیى ڕۆژهەڵاتى ناوەڕاست ١٩٤٣
250 _aچ1
260 _aهەولێر
_c1992
300 _a144
942 _cBk
999 _c188144
_d188144